Advanced listening and speaking CAE (with answer key)

Gespeichert in:
Bibliographische Detailangaben
1. Verfasser: Kathy Gude
Format: Buch
Sprache:Undetermined
Veröffentlicht: Oxford Oxford Univ. Press 1997
Schlagworte:
Tags: Tag hinzufügen
Keine Tags, Fügen Sie den ersten Tag hinzu!
Thư viện lưu trữ: Trung tâm Học liệu Trường Đại học Cần Thơ
LEADER 00650nam a2200193Ia 4500
001 CTU_35067
008 210402s9999 xx 000 0 und d
020 |b 55.000đ 
082 |a 428.24 
082 |b G922a 
100 |a Kathy Gude 
245 0 |a Advanced listening and speaking CAE (with answer key) 
245 0 |c Kathy Gude 
260 |a Oxford 
260 |b Oxford Univ. Press 
260 |c 1997 
650 |a english language - spoken english - problems, exercises, etc,english language - textbooks for foreign speakers,listening - problems, exercises, etc 
904 |i Minh, 000215 
980 |a Trung tâm Học liệu Trường Đại học Cần Thơ